The fundamentals of event design / (Record no. 1623)

MARC details
000 -LEADER
fixed length control field 00584nam a22001817a 4500
005 - DATE AND TIME OF LATEST TRANSACTION
control field 20230307041805.0
008 - FIXED-LENGTH DATA ELEMENTS--GENERAL INFORMATION
fixed length control field 230307b |||||||| |||| 00| 0 eng d
020 ## - INTERNATIONAL STANDARD BOOK NUMBER
International Standard Book Number 978-0-8153-5092-7
082 ## - DEWEY DECIMAL CLASSIFICATION NUMBER
Classification number 394.2068 An627 2020
100 ## - MAIN ENTRY--PERSONAL NAME
Personal name Antchak, Vladimir
Relator term author
245 ## - TITLE STATEMENT
Title The fundamentals of event design /
Statement of responsibility, etc. Vladimir Antchak, Olivia Ramsbottom
260 ## - PUBLICATION, DISTRIBUTION, ETC.
Place of publication, distribution, etc. New York:
Name of publisher, distributor, etc. Routledge,
Date of publication, distribution, etc. c2020
300 ## - PHYSICAL DESCRIPTION
Extent xiv, 197p.:
Other physical details ill.
504 ## - BIBLIOGRAPHY, ETC. NOTE
Bibliography, etc. note Includes bibliographical references and index
541 ## - IMMEDIATE SOURCE OF ACQUISITION NOTE
Accession number 6732
650 ## - SUBJECT ADDED ENTRY--TOPICAL TERM
Topical term or geographic name entry element Special events - Management
700 ## - ADDED ENTRY--PERSONAL NAME
Personal name Ramsbottom, Olivia
Relator term author
Holdings
Withdrawn status Lost status Source of classification or shelving scheme Damaged status Not for loan Home library Current library Date acquired Total Checkouts Full call number Barcode Date last seen Copy number Price effective from Koha item type
    Dewey Decimal Classification     ctu-moalboal ctu-moalboal 03/03/2021   394.2068 An627 2020 6732 03/07/2023 1 03/07/2023 Books-Reference